000 00974nam0a22002291i 4500
001 rc\4895289
005 20240724135917.0
021 _aRU
_b[64-84325]
035 _a(NLR Aleph) 008831556
090 _a8285667
_c8285667
100 _a20130426d1964 |||y0rusy50 ca
101 0 _arus
102 _aRU
105 _ay d |||||
200 1 _aСовершенствование методов планирования себестоимости продукции
_e(На материалах предприятий бывшего Перм. совнархоза)
_eАвтореферат дис. на соискание учен. степени кандидата экон. наук
_fПерм. гос. ун-т им. А.М. Горького
210 _aПермь
_d1964
215 _a26 с.
_cграф.
700 1 _aЯмшанов
_bВ.С.
_gВасилий Семенович
801 0 _aRU
_bNLR
_gpsbo
801 1 _aRU
_bELAR
_2rusmarc
852 _aNLR
_j64-6/13481
942 _cBOOK